000 00551nam a22001812 4500
001 0000009755
005 20151217155843.0
008 081126s xx 000 0 eng d
040 _aKABU
_cKABU
245 1 0 _aMombasa :
_ba guide to Mombasa and surroundings /
_ccompiled by Beatrix L. Bellingham.
250 _a3rd ed.
260 _aMombasa, Kenya :
_bMombasa Times,
_c[n.d.]
300 _a53 p.
651 0 _aMombasa
_xHistory.
_@0000149494
852 1 _9p100 KES
908 _a081126
950 _@1
999 _c13273
_d13273